Ενοριακοί ναοί και παροδοσιακή θρησκευτική συμπεριφορά : η περίπτωση του ναού του Αγίου Νικολάου Σάμου και η λαογραφική ανάγνωση ενός θεσσαλικού χειρογράφου

Αποθηκεύτηκε σε:
Λεπτομέρειες βιβλιογραφικής εγγραφής
Κύριος συγγραφέας: Βαρβούνης, Εμμανουήλ Γερ., 1966-
Μορφή: Βιβλίο
Γλώσσα:Greek
Δημοσίευση: Αθήνα : Πνευματικό ίδρυμα Σάμου "Νικόλαος Δημητρίου", 1995.
Σειρά:Βιβλιοθήκη επιστημονικών εκδόσεων 8
Θέματα:
Ετικέτες: Προσθήκη ετικέτας
Δεν υπάρχουν, Καταχωρήστε ετικέτα πρώτοι!

MARC

LEADER 00000cam a2200000 i 4500
001 1/34334
008 960807s1995 gr | ||| |||| ||gre||
020 |a 9608530571 
035 |a 1996  |c ΔΩΡΕΑ  |l 10039619 
040 |a GR-MyUA  |b gre  |e AACR2 
041 0 |a gre 
082 0 |a 274 
100 1 |a Βαρβούνης, Εμμανουήλ Γερ.,   |d 1966- 
245 1 0 |a Ενοριακοί ναοί και παροδοσιακή θρησκευτική συμπεριφορά :   |b η περίπτωση του ναού του Αγίου Νικολάου Σάμου και η λαογραφική ανάγνωση ενός θεσσαλικού χειρογράφου /   |c Μ.Γ. Βαρβούνης.  
260 |a Αθήνα :   |b Πνευματικό ίδρυμα Σάμου "Νικόλαος Δημητρίου",   |c 1995.  
300 |a 380 σ. :   |b εικ. ;   |c 25 εκ.  
490 1 |a (Βιβλιοθήκη επιστημονικών εκδόσεων   |v ; 8)  
504 |a Βιβλιογραφία: σ. 361-369. Ευρετήριο.  
610 2 0 |a Ναός Αγίου Νικολάου (Σάμος) 
650 0 0 |a Church  |z Greece  |z Samos (Municipality) 
650 0 0 |a Church  |z Greece  |z Samos (Municipality)  |x Manuscripts. 
830 0 |a Βιβλιοθήκη επιστημονικών εκδόσεων  |v 8 
852 |a INST  |b LESVOS  |e 20060719  |h 274 ΒΑΡ  |p 005100036367  |q 005100036367  |t BK  |y 0 
852 |a INST  |b LESVOS  |e 20060720  |h 274 ΒΑΡ  |p 005100036368  |q 005100036368  |t BK  |y 0 
852 |a INST  |b SAMOS  |e 19960807  |h 274 ΒΑΡ  |p 005300009153  |q 005300009153  |t BK  |y 0 
852 |a INST  |b SAMOS  |e 20050801  |h 274 ΒΑΡ  |p 005300025081  |q 005300025081  |t BK  |y 0 
901 |a BIBL3-2005-2 
901 |a BIBL1-2006-2 
909 |a Σ  |b 114605 
909 |a Σ  |b 036249 
909 |a Λ  |b 124316 
909 |a Λ  |b 124342 
920 |a ΠΝΕΥΜΑΤΙΚΟ ΙΔΡΥΜΑ ΣΑΜΟΥ "ΝΙΚΟΛΑΟΣ ΔΗΜΗΤΡΙΟΥ"  |y Λέσβος  |z 2005-10 
970 |a ΚΟΣΙΕΡΗΣ  |b ΧΡΗΣΤΟΣ  |z 2005/08/01